| 000 | 00368nam a2200133Ia 4500 | ||
|---|---|---|---|
| 008 | 231221s9999 xx 000 0 und d | ||
| 020 | _a978-0-387-27696-0 | ||
| 041 | _aEnglish | ||
| 100 | _aTing Yu, Sushil Jajodia | ||
| 245 | 0 | _aSecure Data Management in Decentralized Systems | |
| 260 |
_c2007 _bSpringer US _aNew York |
||
| 650 | _aComputer Science | ||
| 942 | _cEB | ||
| 999 |
_c218064 _d218064 |
||